Scotland offices (Record no. 112412)

MARC details
000 -LEADER
fixed length control field 01012cad a22002295a 4500
001 - CONTROL NUMBER
control field E153182
008 - FIXED-LENGTH DATA ELEMENTS--GENERAL INFORMATION
fixed length control field 110621s2011 xxk 000 0 eng u
035 ## - SYSTEM CONTROL NUMBER
System control number (Sirsi) u153182
041 0# - LANGUAGE CODE
Language code of text/sound track or separate title eng
050 04 - LIBRARY OF CONGRESS CALL NUMBER
Classification number 333.33 $2 18
110 2# - MAIN ENTRY--CORPORATE NAME
Corporate name or jurisdiction name as entry element CB Richard Ellis
9 (RLIN) 3675
245 00 - TITLE STATEMENT
Title Scotland offices
Remainder of title market update
Medium [electronic resource]
260 ## - PUBLICATION, DISTRIBUTION, ETC.
Place of publication, distribution, etc. [Scotland]
Name of publisher, distributor, etc. CB Richard Ellis
Date of publication, distribution, etc. 2011
490 #0 - SERIES STATEMENT
Series statement Scotland Offices Market Update
Volume/sequential designation Quarter 1 2011
520 ## - SUMMARY, ETC.
Summary, etc. Looks at the office market in Scotland, with detailed analysis of the markets in Edinburgh, Glasgow and Aberdeen. Graphs show take up, availability, transactions, prime rents and yields for the first quarter of 2011.
590 ## - LOCAL NOTE (RLIN)
Local note KA
651 #4 - SUBJECT ADDED ENTRY--GEOGRAPHIC NAME
Geographic name Scotland
Chronological subdivision 1999-
690 ## - LOCAL SUBJECT ADDED ENTRY--TOPICAL TERM (OCLC, RLIN)
Topical term or geographic name as entry element PROPERTY-COMMERCIAL PROPERTY-OFFICE PROPERTY-OFFICE PROPERTY MARKET
690 ## - LOCAL SUBJECT ADDED ENTRY--TOPICAL TERM (OCLC, RLIN)
Topical term or geographic name as entry element PROPERTY-COMMERCIAL PROPERTY-COMMERCIAL PROPERTY MARKET
856 40 - ELECTRONIC LOCATION AND ACCESS
Uniform Resource Identifier <a href="https://www.cbre.co.uk/uk_en/research">https://www.cbre.co.uk/uk_en/research</a>
Public note View the report free of charge under research at www.cbre.co.uk
942 ## - ADDED ENTRY ELEMENTS (KOHA)
Suppress in OPAC 0
Holdings
Withdrawn status Lost status Source of classification or shelving scheme Damaged status Not for loan Home library Current library Shelving location Date acquired Total Checkouts Full call number Barcode Date last seen Copy number Price effective from Koha item type
    Dewey Decimal Classification     Virtual Virtual Online 21/06/2011   ONLINE PUBLICATION 153182-2001 06/08/2019 1 06/08/2019 Book